000
00322nam a2200133Ia 4500
008
150301s2015 xx 000 0 und d
082
_a
615.19
_b
P09G
100
_a
T P GOPINATHAN
245
_a
PHARMACEUTICAL JURISPRUDENCE
260
_b
B I PUBLICATIONS
300
_a
216
650
_a
PHARMACEUTICS
942
_2
ddc
_c
BK
_0
58
999
_c
7257
_d
7257